| 000 | 00588nam a2200181Ia 4500 | ||
|---|---|---|---|
| 008 | 090123s9999 xx 000 0 und d | ||
| 082 | _b192 | ||
| 100 | _aशेक्सपियर विल्यम | ||
| 245 | _aज्युलिअस सिझर | ||
| 250 | _a1 | ||
| 260 | _bकुलकर्णी अ.अ. | ||
| 300 | _a116 | ||
| 600 | _aशेक्सपियर विल्यम | ||
| 630 | _aज्युलिअस सिझर | ||
| 700 | _aशेक्सपियर विल्यम | ||
| 730 | _aज्युलिअस सिझर | ||
| 942 | _cBOOK | ||
| 999 |
_c38280 _d38280 |
||